Tout les Joueurs du PSG depuis 2000 - Statistiques

Statistiques générales
  • Ce quiz a été pris 117 fois
  • Le résultat moyen est 102 sur 277
Statistiques - réponses
Nationalite Poste Date du passage Nombre de Matchs Nombre de Buts Nombre de Passe Décisives Clubs précédent Réponse % Correct
France Milieu 2023 - 2024 5 0 0 CDF Ethan Mbappé
90%
France Attaquant 2017-2024 308 256 97 AS Monaco Kylian Mbappé
90%
Bresil Attaquant 2017-2023 173 118 73 FC Barcelone Neymar
88%
France Attaquant 2023 - ? 92 40 27 FC Barcelone Ousmane Dembele
86%
Maroc Défenseur 2021 - ? 172 24 31 Inter Milan Achraf Hakimi
85%
Argentine Attaquant 2021 - 2023 75 32 34 FC Barcelone Lionel Messi
84%
Bresil Défenseur 2013 - ? 488 41 12 AS Rome Marquinhos
84%
Espagne Milieu 2022 - ? 130 12 19 Naples Fabian Ruiz
83%
Portugal Milieu 2022 - ? 150 19 13 FC Porto Vitinha
83%
France Attaquant 2024 - ? 58 16 13 Stade Rennais Desiré Doué
81%
Portugal Attaquant 2023 - ? 84 32 7 Benfica Gonçalo Ramos
81%
Portugal Milieu 2024 - ? 55 5 10 Benfica Joao Neves
81%
Espagne Défenseur 2021 - 2023 58 6 1 Real Madrid Sergio Ramos
81%
France Attaquant 2023 - ? 100 26 28 OL Bradley Barcola
80%
Uruguay Attaquant 2013-2020 301 200 32 Naples Edinson Cavani
80%
France Défenseur 2023 - ? 69 2 1 Bayern Munich Lucas Hernandez
80%
Suede Attaquant 2012-2016 180 156 53 AC Milan Zlatan Ibrahimovic
80%
Italie Gardien 2021 - ? 158 0 0 AC Milan Gianluigi Donnarumma
79%
Italie Milieu 2012-2023 416 11 56 Pescara Marco Verratti
79%
Portugal Défenseur 2021 - ? 133 9 17 Sporting CP Nuno Mendes
79%
Equateur Défenseur 2024 - ? 56 0 2 Eintracht Frankfort William Pacho
79%
Argentine Milieu 2015-2022 295 93 113 Manchester United Angel Di Maria
78%
France Milieu 2011-2017 295 33 28 ASSE Blaise Matuidi
78%
Italie Gardien 2018-2019 25 0 0 Juventus FC Gianluigi Buffon
78%
Bresil Défenseur 2012-2020 315 17 8 AC Milan Thiago Silva
78%
Italie Gardien 2011-2017 190 0 0 Palerme Salvator Sirigu
75%
Argentine Attaquant 2012-2016 161 35 13 Naples Ezequiel Lavezzi
74%
Corée du Sud Attaquant 2023 - ? 83 12 11 RCD Majorque Lee Kang-In
74%
Italie Milieu 2012-2018 231 12 16 Inter Milan Thiago Motta
74%
France Milieu 2022 - ? 126 8 9 CDF Warren Zaire-Emery
74%
Costa Rica Gardien 2019-2024 114 0 0 Real Madrid Keylor Navas
73%
Brésil Défenseur 2024 - ? 59 3 0 São Paulo Lucas Beraldo
73%
Uruguay Milieu 2023-2024 37 0 2 Sporting CP Manuel Ugarte
73%
France Milieu 2024 - ? 42 7 4 CDF Senny Mayulu
73%
Argentine Milieu 2011-2018 269 45 56 Palerme Javier Pastore
72%
Russie Gardien 2024 - ? 17 0 0 FK Krasnodar Matvey Safonov
72%
France Gardien 2012-2022 107 0 0 CDF Alphonse Areola
70%
Allemagne Gardien 2015-2019 91 0 0 Eintracht Francfort Kevin Trapp
70%
Bresil Défenseur 2012-2017 214 13 24 FC Barcelone Maxwell
70%
Portugal Attaquant 2003-2008 211 109 18 Girondins de Bordeaux Pauleta
70%
France Défenseur 2014 - ? 241 3 2 CDF Presnel Kimpembe
70%
Bresil Défenseur 2014-2016 85 8 2 Chelsea David Luiz
69%
France Attaquant 2023 - ? 54 11 6 Eintracht Frankfurt Randal Kolo Muani
69%
Brésil Milieu 2001-2003 77 25 22 Gremio Ronaldinho
69%
France Milieu 2012-2019 227 24 14 CDF Adrien Rabiot
68%
Angleterre Milieu 2013 14 0 2 LA Galaxy David Beckham
68%
Sénégal Milieu 2019-2022 111 7 5 Everton FC Idrissa Gueye
68%
Allemagne Attaquant 2017-2023 197 26 36 VfL Wolfsburg Julian Draxler
68%
Italie Attaquant 2020-2021 41 17 1 Everton Moise Kean
68%
France Attaquant 2022 - 2024 33 4 4 Stade de Reims Hugo Ekitike
67%
France Défenseur 2015-2024 154 14 16 AS Monaco Layvin Kurzawa
67%
Argentine Attaquant 2019-2023 92 38 7 Inter Milan Mauro Icardi
67%
Belgique Défenseur 2016-2020 128 13 20 Club Bruges Thomas Meunier
67%
Georgie Attaquant 2025 - ? 29 8 7 Naples Khvicha Kvaratskhelia
65%
Argentine Milieu 2019-2023 117 3 8 Zenith Saint-Petersbourg Leandro Paredes
65%
Slovaquie Défenseur 2023 - ? 37 1 0 Inter Milan Milan Skriniar
65%
Portugal Milieu 2022 - ? 27 2 0 LOSC Renato Sanches
65%
Pays-Bas Milieu 2021 - 2023 38 3 3 Liverpool Georginio Wijnaldum
64%
Espagne Attaquant 2023 - ? 47 7 11 Real Madrid Marco Asensio
64%
Espagne Milieu 2019-2023 95 6 6 Manchester United Ander Herrera
63%
Espagne Gardien 2023 - ? 8 0 2 FC Barcelone B Arnau Tenas
63%
Cote D'ivoire Défenseur 2014-2017 81 5 14 Toulouse FC Serge Aurier
63%
Bresil Milieu 2002-2003 23 2 3 OM André Luiz
62%
Bresil Défenseur 2017-2019 73 8 16 Juventus FC Daniel Alves
62%
Allemagne Défenseur 2018-2022 128 4 2 FC Shalke 04 Thilo Kehrer
62%
France Milieu 2016-2018 32 4 4 OGC Nice Hatem Ben Arfa
60%
France Milieu 2018-2019 19 0 1 Al-Jazira Club Lassana Diarra
60%
Bresil Défenseur 2012-2014 92 9 0 Chelsea Alex
59%
France Milieu 2015-2019 78 11 4 CDF Christopher Nkunku
59%
Cameroun Attaquant 2018-2020 51 9 3 Stoke City Eric-Maxim Choupo-Moting
59%
Pays-Bas Défenseur 2012-2016 132 4 17 Ajax Amsterdam Gregory van der Wiel
59%
France Attaquant 2008-2012 161 56 11 Le Havre AC Guillaume Hoarau
59%
France Attaquant 2024 - ? 12 1 1 CDF Ibrahim Mbaye
59%
Espagne Milieu 2022 - ? 63 8 6 Valence CF Carlos Soler
58%
Portugal Milieu 2020-2024 157 10 3 FC Porto Danilo Pereira
58%
Espagne Attaquant 2016-2020 18 2 0 Real Madrid Jesé
58%
Espagne Défenseur 2018-2025 128 8 12 Bayern Munich Juan Bernat
58%
Espagne Gardien 2019-2024 24 0 0 Seville FC Sergio Rico
58%
Pays-Bas Milieu 2020-2022 & 2023-2025 11 0 1 CDF - PSV Eindhoven Xavi Simons
58%
Argentine Milieu 2016-2019 53 6 4 Rosario Central Giovani Lo Celso
57%
Pologne Milieu 2016-2019 19 0 0 Seville FC Grzegorz Krychowiak
57%
France Défenseur 2007-2013 201 7 2 CDF Mamadou Sakho
56%
Senegal Défenseur 2019-2023 75 0 4 Borussia Dortmund Abdou Diallo
54%
France Défenseur 2009-2014 198 9 20 FC Lorient Christophe Jallet
54%
France Milieu 2006-2015 249 10 10 CDF Clément Chantome
54%
Bresil Milieu 2010-2012 112 48 34 AS Monaco Nenê
54%
France Attaquant 1995-1997 & 2000-2001 69 19 6 CDF - Real Madrid Nicolas Anelka
54%
Etats-Unis Attaquant 2017-2019 6 2 0 CDF Timothy Weah
54%
France Attaquant 2014-2015 58 3 3 Newcastle Yohan Cabaye
54%
Italie Défenseur 2020-2021 36 2 1 AS Rome Alessandro Florenzi
53%
France Défenseur 2025 - ? 2 0 0 CDF Noham Kamara
52%
France Milieu 2008-2011 118 1 4 Chelsea Clade Makélélé
51%
Portugal Attaquant 2017-2018 13 0 1 Benfica Gonçalo Guedes
51%
France Attaquant 2011-2013 77 23 1 FC Lorient Kevin Gameiro
51%
France Milieu 2012-2014 4 0 0 CDF Kingsley Coman
51%
Bresil Milieu 2013-2018 229 46 45 São Paulo Lucas Moura
51%
Bresil Milieu 2020-2022 39 0 6 FC Barcelone Rafinha
51%
France Gardien 1992-1997 & 1998-2000 318 0 0 RC Lens - West Ham Bernard Lama
49%
France Défenseur 2011 1 0 0 CDF Loick Landre
49%
Pologne Gardien 2019-2022 2 0 0 Chelsea Marcin Bulka
49%
Pays-Bas Défenseur 2019-2021 45 0 2 Ajax Amsterdam Mitchel Bakker
49%
France Milieu 2011-2014 110 19 26 AS Rome Jérémy Menez
48%
France Milieu 2018-2019 34 4 7 CDF Moussa Diaby
48%
France Défenseur 2022 - ? 45 0 3 RB Leipzig Nordi Mukiele
48%
France Gardien 2020-2024 2 0 0 US Orleans Alexandre Letellier
47%
Turquie Attaquant 2009-2012 110 30 10 FC Sochaux Mevlut Erding
47%
Espagne Milieu 2019-2023 98 22 12 Seville FC Pablo Sarabia
47%
France Milieu 2018-2024 77 1 6 US Boulogne Colin Dagba
46%
France Gardien 2006-2009 151 0 0 FC Nantes Mickael Landreau
46%
France Défenseur 2004-2013 380 12 16 FC Nantes Sylvain Armand
46%
Espagne Défenseur 2017-2018 32 2 5 Real Sociedad Yuri Berchiche
46%
France Défenseur 2007-2015 224 7 1 ASSE Zoumana Camara
46%
France Milieu 2004-2010 180 13 52 AS Monaco Jerome Rothen
44%
France Défenseur 2013-2016 44 0 5 LOSC Lucas Digne
43%
France Gardien 2011-2016 43 0 0 Stade Rennais Nicolas Douchez
43%
Argentine Défenseur 2001-2004 132 8 5 Real Valladolid Gabriel Heinze
42%
France Milieu 2008-2011 125 19 20 AS Roma Ludovic Giuly
42%
France Milieu 2015-2016 40 0 0 Tottenham Hotspur Benjamin Stambouli
41%
Italie Milieu 2023-2024 4 1 0 Benfica Cher Ndour
41%
France Gardien 2009-2011 41 0 0 Atlético de Madrid Grégory Coupet
41%
Arménie Gardien 2007-2011 71 0 0 Rapid Bucarest Apoula Edel
40%
Uruguay Défenseur 2011-2013 21 1 0 Fenerbahçe Diego Lugano
40%
France Milieu 2010-2013 91 13 8 OL Mathieu Bodmer
40%
Mali Milieu 2011-2013 37 2 0 Juventus FC Mohamed Sissoko
40%
France Attaquant 2007-2012 180 37 13 OM Peguy Luyindula
38%
Espagne Milieu 2000-2001 5 0 0 Espanyol Barcelone Enrique de Lucas
37%
Nigeria Milieu 1998-2002 113 20 12 Fenerbahçe Jay-Jay Okocha
36%
France Attaquant 2011-2018 53 6 4 CDF Jean-Christophe Bahebeck
36%
Mali Défenseur 2013-2014 1 0 0 CDF Kalifa Traoré
36%
Colombie Défenseur 2004-2008 143 10 2 FC Nantes Mario Yepes
36%
Mali Défenseur 2006-2011 96 4 1 OGC Nice Sammy Traoré
36%
Côte d'Ivoire Attaquant 2006-2008 89 20 3 RC Strasbourg Amara Diané
35%
France Attaquant 2014-2017 31 2 1 CDF Jean-Kevin Augustin
35%
France Défenseur 2000-2008 247 11 13 SM Caen Bernard Mendy
33%
France Milieu 2002-2004 102 20 20 EA Guingamp Fabrice Fiorese
33%
Argentine Défenseur 2001-2003 95 6 0 Espanyol Barcelone Mauricio Pochettino
33%
France Milieu 2019-2020 13 3 1 CDF Tanguy Kouassi
33%
France Défenseur 2021 - 2023 19 0 0 CDF El Chadaille Bitshiabu
32%
Bresil Défenseur 2007-2012 197 3 10 Internacional Marcos Ceara
32%
France Défenseur 2020-2023 15 1 1 CDF Timothée Pembélé
32%
France Gardien 2000-2006 196 0 1 FC Metz Lionel Letizi
31%
Serbie Attaquant 2008-2010 53 10 4 Fenerbahçe Mateja Kezman
31%
Serbie Défenseur 2011-2012 25 1 1 Valenciennes FC Milan Bisevac
31%
Benin Milieu 2008-2011 105 10 17 Le Mans UC Stephane Sessegnon
31%
France Défenseur 2024 - ? 11 1 0 CDF Yoram Zague
31%
Sénégal Défenseur 1998-2001 62 2 2 CS Sedan Aliou Cissé
30%
France Attaquant 2020-2022 5 0 0 CDF Arnaud Kalimuendo
30%
France Milieu 1997-2007 259 9 11 Pau FC Edouard Cissé
30%
France Défenseur 2000-2004 167 8 5 FC Barcelone Frederic Dehu
30%
Espagne Milieu 2021 - 2024 12 0 1 CDF Ismael Gharbi
30%
Albanie Défenseur 2002-2005 81 2 3 CDF Lorik Cana
30%
Côte d'Ivoire Défenseur 2010-2013 75 1 3 Valenciennes FC Sika Tiéné
30%
France Milieu 2005-2006 43 1 4 AC Milan Vikash Dhorasso
30%
France Milieu 2021 - 2024 8 0 1 CDF Edouard Michut
28%
France Milieu 2007-2011 192 6 5 Glasgow Rangers Jérémy Clément
28%
France Gardien 2011-2013 1 0 0 AS Nancy Ronan Le Crom
27%
France Défenseur 2025 3 0 0 CDF Axel Tape
26%
Côte d'Ivoire Attaquant 2005-2007 72 18 14 AJ Auxerre Bonaventure Kalou
26%
France Attaquant 2004-2009 132 14 9 Le Mans UC Fabrice Pancrate
26%
Maroc Attaquant 2023 - ? 2 0 0 CDF Ilyes Housni
26%
France Gardien 2001-2008 101 0 0 ASSE Jerome Alonzo
26%
Haiti Attaquant 2008-2014 53 3 3 CDF Jean-Eudes Maurice
25%
France Attaquant 2016 7 0 0 CDF Jonathan Ikoné
25%
Espagne Milieu 2001-2002 53 5 6 FC Barcelone B Mikel Arteta
25%
France Attaquant 2006-2008 49 7 1 OL Pierre-Alain Frau
25%
Uruguay Milieu 2005-2007 50 3 9 Penarol Cristian Rodriguez
23%
France Milieu 1995-1999 & 2002-2003 167 12 9 CDF - OM Jérome Leroy
23%
France Attaquant 1998-2002 95 20 4 AS Cannes Laurent Leroy
23%
Cameroun Milieu 2003-2006 101 1 1 CS Sedan Modeste M'Bami
23%
France Milieu 2017-2019 16 0 2 CDF Stanley N'Soki
23%
Argentine Milieu 2006-2008 28 2 2 River Plate Marcelo Gallardo
22%
Russie Milieu 2005-2006 31 1 0 CSKA Moscou Serguei Semak
22%
Maroc Défenseur 2000-2004 113 2 4 Raja Casblanca Talal El Karkouri
21%
Nigeria Attaquant 2001-2005 75 8 0 CDF Bartholomew Ogbeche
20%
Serbie Attaquant 2003-2005 56 8 7 RC Strasbourg Danijel Ljuboja
20%
France Défenseur 1997-2001 135 9 0 AS Nancy Eric Rabésandratana
20%
France Défenseur 1996-2001 176 9 11 LB Chateauroux Jimmy Algerino
20%
France Milieu 2000 26 1 2 OM Stéphane Dalmat
20%
Bresil Milieu 2007-2008 17 0 1 São Paulo Willamis Souza
20%
France Milieu 2002-2005 35 1 1 Manchester City Alioune Touré
19%
France Défenseur 2007-2010 55 0 4 Stade Rennais Grégory Bourillon
19%
France Défenseur 2000-2001 38 2 2 OM Peter Luccin
19%
France Milieu 2017-2019 1 0 0 CDF Yacine Adli
19%
France Attaquant 1999-2001 84 34 12 Montpellier HSC Laurent Robert
17%
Bresil Milieu 2002-2007 67 6 2 Fluminense Paulo Cesar
17%
Brésil Attaquant 2001-2005 78 15 12 Flamengo Reinaldo
17%
Bresil Milieu 2000-2001 8 1 0 Inter Milan Vampeta
17%
Algerie Milieu 1999-2001 62 2 16 Girondins de Bordeaux Ali Benarbia
16%
France Défenseur 2003-2005 85 3 1 AS Monaco José-Karl Pierre-Fanfan
16%
Argentine Défenseur 2003-2004 26 2 6 Cruzeiro Juan Pablo Sorin
16%
France Défenseur 2004-2006 59 0 1 LOSC Stephane Pichot
16%
France Milieu 2007-2011 47 1 5 CDF Younousse Sankharé
16%
France Défenseur 2019-2020 1 0 0 CDF Arthur Zagre
15%
France Milieu 2004-2005 29 1 2 RC Lens Charles-Édouard Coridon
15%
France Milieu 2005-2006 29 2 3 LOSC Christophe Landrin
15%
Guinée Attaquant 2000-2003 20 2 3 OM Kaba Diawara
15%
France Milieu 2020-2021 7 0 0 CDF Kays Ruiz-Atil
15%
France Milieu 2019-2020 3 1 0 CDF Adil Aouchiche
14%
France Milieu 2018-2019 3 0 0 CDF Antoine Bernede
14%
Montenegro Milieu 2003-2005 47 5 4 Etoile Rouge de Belgrade Branko Boskovic
14%
Brésil Attaquant 1999-2001 71 28 0 Internacional Christian
14%
Espagne Défenseur 2001-2003 83 0 1 Espanyol Barcelone Cristobal
14%
France Attaquant 2006-2008 25 3 1 CDF David N'Gog
14%
République Tchèque Défenseur 2005-2007 96 1 2 FC Bruges David Rozehnal
14%
France Gardien 1998-2001 23 0 0 Séville FC Dominique Casagrande
14%
France Milieu 2021 - 2022 14 0 1 CDF Eric Junior Dina-Ebimbe
14%
France Défenseur 1989-1999 & 2001-2003 248 4 6 CDF (Centre de formation) - Montpellier Francis Llacer
14%
Portugal Milieu 2001-2004 75 3 3 Atletico de Madrid Hugo Leal
14%
France Défenseur 2001-2004 77 2 1 ASSE Lionel Potillon
14%
France Défenseur 2019-2020 3 0 0 CDF Loic Mbe Soh
14%
Argentine Attaquant 2002-2004 26 8 1 River Plate Martin Cardetti
14%
Turquie Attaquant 2019 1 1 0 CDF Metehan Guclu
14%
Nigeria Défenseur 1999-2001 22 0 0 RC Strasbourg Godwin Okpara
12%
Tunisie Milieu 2000-2005 43 2 5 CDF Selim Benachour
12%
Brésil Attaquant 2001-2002 28 3 0 ASSE Alex Dias
11%
Sénégal Défenseur 2005-2007 38 0 2 CDF Boukary Dramé
11%
France Défenseur 1994-1999 & 2001-2004 114 1 3 CDF - Newcastle United Dider Domi
11%
Bresil Attaquant 2008-2012 3 0 0 Corinthians Everton Santos
11%
France Défenseur 2015-2019 5 0 0 CDF Kévin Rimane
11%
France Attaquant 1999-2001 46 17 6 Everton FC Mickael Madar
11%
Bosnie-Herzegovine Attaquant 2004-2005 6 0 0 Chicago Fire Vedad Ibisevic
11%
France Milieu 2006-2007 19 1 1 ASSE David Hellebuyck
10%
France Milieu 2007-2008 19 0 0 Le Havre AC Didier Digard
10%
France Milieu 1999-2001 5 0 0 CDF Fabrice Abriel
10%
Portugal Milieu 2002-2005 25 1 2 FC Istres Filipe Teixeira
10%
Russie Défenseur 1998-2001 86 2 2 Alania Vladikavkaz Igor Yanovski
10%
France Milieu 2016-2018 1 0 0 CDF Lorenzo Callegari
10%
France Milieu 1994-2001 148 3 5 CDF Pierre Ducrocq
10%
RD du Congo Milieu 2006-2009 22 0 0 CDF Youssouf Mulumbu
10%
Uruguay Attaquant 2005-2007 16 2 1 Penarol Carlos Bueno
9%
France Défenseur 2003-2004 19 0 0 AS Monaco Eric Cubilier
9%
France Milieu 2011-2012 9 1 0 CDF Neeskens Kebano
9%
France Milieu 1993-1996 & 1999-2000 48 7 3 SM Caen - OM Xavier Gravelaine
9%
France Défenseur 2016-2019 1 0 0 CDF Alec Georgen
7%
Brésil Attaquant 2001-2003 78 19 8 ASSE Alosio
7%
France Défenseur 2012-2014 1 0 0 CDF Antoine Conte
7%
France Milieu 2020-2022 6 0 0 CDF Bandiougou Fadiga
7%
France Milieu 1998-2000 26 0 0 FC Nantes Bruno Carotti
7%
RD du Congo Défenseur 2002-2009 13 1 0 CDF Larrys Mabiala
7%
France Défenseur 1998-2000 29 0 1 EA Guingamp Nicolas Laspalles
7%
France Milieu 2004-2007 12 0 0 CDF Rudy Haddad
7%
France Milieu 2003 17 2 1 RC Lens Stéphane Pédron
7%
France Défenseur 2000-2001 45 0 2 FC Gueugnon Sylvain Distin
7%
France Défenseur 2008-2011 27 0 0 CDF Tripy Makonda
7%
France Attaquant 2003-2006 5 0 0 CDF Franck Dja Djédjé
6%
France Défenseur 1997-2000 23 1 0 CDF Grégory Paisley
6%
Cameroun Défenseur 2004-2007 13 0 0 FC Nantes Jean-Hugues Ateba
6%
France Milieu 2002-2004 34 0 1 AS Cannes Romain Rocchi
6%
France Gardien 2009-2010 1 0 0 Valenciennes FC Willy Grondin
6%
Portugal Milieu 2001-2002 10 1 0 Malaga Agostinho
5%
Cameroun Milieu 2006-2010 5 0 0 FC Aarau Albert Baning
5%
Ghana Milieu 2002-2003 24 2 1 Everton Alex Nyarko
5%
France Attaquant 2022 - 2023 1 0 0 CDF Djeidi Gassama
5%
France Attaquant 2000-2002 7 2 0 CDF Gael Hiroux
5%
France Défenseur 2007-2012 35 0 0 CDF Granddi Ngoyi
5%
France Défenseur 2000-2006 15 1 0 CDF Jean-Michel Badiane
5%
France Milieu 2008-2010 3 0 0 CDF Maxime Partouche
5%
Luxembourg Gardien 2001-2003 1 0 0 SV Elversberg Stéphane Gillet
5%
Maroc Attaquant 2010-2011 1 0 0 CDF Yacine Qasmi
5%
RD du Congo Attaquant 2002-2004 3 0 0 CDF Chiguy Lucau
4%
Albanie Milieu 1997-2000 24 1 4 CDF Edvin Murati
4%
France Attaquant 2007-2012 30 4 0 CDF Loris Arnaud
4%
France Milieu 2015-2016 1 0 0 CDF Yakou Meité
4%
Algerie Milieu 2010-2011 3 0 0 CDF Florian Makhedjouf
2%
France Attaquant 2013-2017 16 2 1 CDF Hervin Ouganda
2%
Tunisie Milieu 2004-2006 1 0 0 CDF Hocine Ragued
2%
France Attaquant 2021 - 2023 1 0 0 CDF Kenny Nagera
2%
France Milieu 2001-2007 2 0 0 CDF Samuel Pietre
2%
Gunée Attaquant 2021 - 2022 1 0 0 CDF Sekou Yansané
2%
France Attaquant 2007-2010 4 1 0 CDF Yannick Boli
2%
Brésil Défenseur 1999-2000 12 1 0 Portuguesa de Desportos César Belli
1%
Portugal Défenseur 2004-2005 22 1 0 Benfica Helder Cristovao
1%
France Milieu 2014-2015 1 0 0 CDF Jeremi Kimmakon
1%
France Défenseur 2021 - 2022 1 0 0 CDF Nathan Bitumazala
1%
France Défenseur 1996-2001 3 0 0 CDF Fabrice Keblan
0%
Côte d'Ivoire Défenseur 2004-2006 1 0 0 CDF Souleymane Doumbia
0%
France Attaquant 2015-2016 1 0 0 FC Franconville Timothée Tauffieb
0%
Aucun quiz correspondant
Distribution des résultats
% des personnes avec chaque résultat
Percentile par nombre de réponses
Votre historique - résultats
Vous n’avez pas pris ce quiz